000 01611nam0a2200337 4500
001 RU\NLR\bibl\1685373
005 20260406064715.0
021 _aRU
_b2010-68472
_94509
035 _a(NLR Aleph) 001676548
090 _a1074591
_c1074591
100 _a20101012d2010 |||y0rusy50 ca
101 0 _arus
_deng
102 _aRU
105 _aa |||||||||
200 1 _aАлгоритмы построения выборочных распределений статистик случайных процессов
_fВ.В. Биттер, Д.С. Кириллов, О.В. Короб, Ю.Н. Орлов
210 _aМосква
_cИнститут прикладной математики
_d2010
215 _a18 с.
_cил.
_d20
225 1 _aПрепринт
_fРос. акад. наук, Ин-т прикл. математики им. М.В. Келдыша
_vN 34
300 _aРез. на англ. яз.
320 _aБиблиогр.: с. 18 (7 назв.)
606 1 _aВременные ряды
_xПрогнозирование
_92121528
_3RU\NLR\auth\661281024
686 _aВ172.6
701 1 _aБиттер
_bВ. В.
_4070
701 1 _aКириллов
_bД. С.
_4070
701 1 _4070
_8rus
_7ca
_aКороб
_bО. В.
_f1973-
_gОлег Владимирович
_3RU\NLR\auth\77122265
_9105190
701 1 _4070
_8rus
_7ca
_aОрлов
_bЮ. Н.
_cд-р физ.-мат. наук, мат. моделирование
_f1964-
_gЮрий Николаевич
_3RU\NLR\auth\7724060
_97112
801 0 _aRU
_bNLR
_c20101012
_gRCR
801 1 _aRU
_bNLR
_c20101012
830 _aавт. по ЭК
942 _cBOOK
980 _aNB